Quizzes
Events
Quiz Creation
Community
Videos
Private Events
Remove Ads
Sign In
Join for FREE
Feedback
Dark Mode
Quiz Categories
Sports
Geography
Music
Movies
Television
Just For Fun
Miscellaneous
History
Literature
Language
Science
Gaming
Entertainment
Religion
Holiday
For Kids
Quiz Lab
Recent
Popular Today
Quiz Kudos Today
Editor Picks
Curator Picks
Quizzes by...
Day
Popularity
Type
Ratings
Length
Year
Community
Subscriptions
Recent Discussions
Orange Saloon
Badges
Playlists
Quests
Create
Leaderboards
Showdown
Live 5
Trivia Bingo
Activity
Puzzle Library
Sporcle Events
Private Events
Virtual Trivia
Globe League
Become a Host
Pub Owners
SporcleCon
Opinionation
Our Games
Videos
Blog
Mobile Apps
Partnerships
Remove Ads and Go Orange
Feedback
Music
Pop Music
The Beatles
Song
Album
Lyrics
Bands
Singers
Artist
Clip
Rock
Rap
Classical
Billboard
Country Music
Kpop
Taylor Swift
Music
Pop Music
The Beatles
Song
Album
Lyrics
Bands
Singers
Artist
Clip
Rock
Rap
Classical
Billboard
Country Music
Kpop
Taylor Swift
Random Quiz
Search Sporcle
×
Quiz Lab
Quiz Lab
Music
Lyrics
Type in answers that appear in a list
Type in answers that appear in a list
Classic
Best Score? Go Orange.
The Who songs by lyric Stats
Can you name the The Who songs by lyric?
By
tmckenna
10m
25 Questions
173 Plays
173 Plays
173 Plays
Comments
Comments
Give Quiz Kudos
Give Quiz Kudos
-
- Ratings
hide this ad
Replay
Link that replays current quiz
Next Quiz
Link to next quiz in quiz playlist
You Got
0%
They Got
Avg Score
48%
Avg Friend Score
Upgrade to see
Score Distribution
Jump to the score distribution portion of the page
Score
0/25
Timer
10:00
0
Plays Today
Lyrics
Song
% Correct
Well he ain't got no distractions, he can't hear no buzzes and bells
Pinball Wizard
97.1%
I don't need to fight to prove I'm right, I don't need to be forgiven
Baba O'Riley
82.7%
My love is vengeance, that's never free
Behind Blue Eyes
82.1%
I staggered back to the underground, and the breeze blew back my hair
Who Are You
73.4%
And the beards have all grown longer overnight
Won't Get Fooled Again
68.2%
I look pretty tall but my heels are high, the simple things you see are all complicated
Substitute
62.4%
Pay before I start, I'm a gypsy, and I guarantee to tear your soul apart
The Acid Queen
54.9%
I don't care about pollution, I'm an air-
conditioned gypsy
Going Mobile
54.3%
I can't sleep and I lay and I think, the night is hot and black as ink
Love Reign O'er Me
52.6%
One and one don't make two, one and one make one
Bargain
52.6%
I show up late one night with a neon light for a visa
You Better You Bet
52%
Terribly sorry, apple-
scrumping, born in the war, birthday punching
5:15
50.3%
Gonna buy a tank and an aeroplane
My Wife
49.7%
Lyrics
Song
% Correct
The girl I used to love lives in this yellow house, yesterday she passed me by, she doesn't wanna know me now
The Real Me
48.6%
I think it's love, trying to explain you, when I feel blue but...
I Can't Explain
48%
She knew from the start deep down in her heart that she and Tommy were worlds apart
Sally Simpson
40.5%
I'm happy when lifes good, and when its bad I cry
The Seeker
37.6%
I'm gettin little tired of having to say do you come here often
Getting in Tune
37%
She's been dead since 1929
Pictures of Lily
31.2%
There's no easy way to be free
Slip Kid
30.1%
All I ever wanna do is please her, my life has been so settled and she's the reason
Athena
30.1%
Do you really think I care, what you read or what you wear
Join Together
30.1%
Where do you get those blue blue jeans, faded patched secrets so tight
I'm One
28.9%
The spray flies as the speedboat glides
Eminence Front
20.8%
You're running out of ideas, and new hats to try on
It's Your Turn
3.5%
Quiz Playlist
Details
Report
Send in Message
Add To Playlist
Classic:
Type in answers that appear in a list
Last Updated: Feb 16, 2017
Quiz Scoreboard
CHALLENGE
Sign Up to Join the Scoreboard
Show All
Scores
Hide
Comments
May contain spoilers
Recently Published
Billboard Blitz: Fleetwood Mac
by CooCooCachoo
Music
15s
Presidents Visiting Landmarks
by Hejman
History
7m
An Introduction to Baseball
by treessimontrees
Sports
5m
More to Explore
Quiz From the Vault
Featured Blog Post
Where Did the Easter Bunny Come From?
hide this ad
You Might Also Like...
Tags
Lyrics Quiz
Song Quiz
Today's Top Quizzes in Music
Browse Music
hide this ad
Today's Top Quizzes in Lyrics
Browse Lyrics
Top Contributed Quizzes in Music
1
Taylor Swift All Songs (2024)
2
Guess the Artist- 70s Songs
3
7-to-1: Billboard Hot 100 #1 Hits of 2010s
4
Sorting Albums and Songs
5
Taylor Swift Logic Puzzle
6
KPOP LOGIC QUIZ
7
2010s Album by Cover III
8
One Thing in Common: Music
9
Guess the Taylor Swift song (Mystery Song)
10
Guess The Taylor Swift Lyrics Song #1
Explore More
Trending Topics
Anime
Kpop
Crossword
Harry Potter
Disney
NBA
Marvel
Song
Country
Puzzle
Pokémon
The Office
NFL
WWE
Soccer
hide this ad
More By:
tmckenna
Quiz
Plays
Rating
Category
Featured
Created
The Office (US) episodes
315
Entertainment
Nov 6, 2009
Tom McKenna's Top 50 Movies of All Time
232
3.00
Movies
Dec 13, 2009
The Who songs by lyric
173
4.00
Music
Nov 30, 2009
Literary Works Referenced in Lost
148
4.67
Television
Oct 26, 2009
Writers on The Office
129
2.50
Television
Oct 25, 2009
Go to Creator's Profile
Score Distribution
Quiz Creator Spotlight
tmckenna
Follow
Send a Message
Quizzes Created
-
Created Quiz Play Count
-
More By This Creator
Popular Quizzes Today
1
Find the US States - No Outlines Minefield
2
Find the Countries of Europe - No Outlines Minefield
3
The Countries of the World
4
Find the US States
5
US States
6
Risky Map Clicking: Biggest States A-Z
7
Popular People in 1961
8
Movies - When Are They Set?
More Music Quizzes
'Inside of Every Demon is a Rainbow' Lyrics
Quiz Lab
Trending Quizzes
Risky Map Clicking: Least Populous States A-Z
1-10 Letter G Words
1-10 Letter F Words
Risky Map Clicking: Next State Alphabetically
Risky Map Clicking: Biggest States A-Z
Recently Updated
Leaping Animals
pecheneg
Reality TV Shows (A-Z)
bhenderson79
Rickey Henderson's Hall of Fame Teammates
pecheneg
Champions League XIs: Arsenal
pecheneg
Quick Pick: Celebrities in WWE's Hall of Fame
aduchscher
A-Z Keypad Blitz II
pecheneg
Multiple Oscar Actors
pecheneg
Mystery Phrase Blitz: Oscar 'Best Actors'
pecheneg
F. Scott Fitzgerald Novels
LTH
Pick 3 Villains
ddd62291
Trending Topics
Kpop
Harry Potter
NBA
Disney
Marvel
Crossword
Anime
Puzzle
Soccer
The Office
Pokémon
NFL
Country
Song
WWE
Your Account Isn't Verified!
In order to create a playlist on Sporcle, you need to verify the email address you used during registration. Go to your
Sporcle Settings
to finish the process.
Report this User
Report this user for behavior that violates our
Community Guidelines
.
Details:
Send Report
Go to the Sporcle.com Mobile Site →
Comments